Normal view MARC view
  • Muhammad Zeeshan

Entry Personal Name

Number of records used in: 7

001 - CONTROL NUMBER

  • control field: 15696

003 - CONTROL NUMBER IDENTIFIER

  • control field: NUST

005 - DATE AND TIME OF LATEST TRANSACTION

  • control field: 20190627055848.0

008 - FIXED-LENGTH DATA ELEMENTS

  • fixed length control field: 190627|| aca||aabn | a|a d

040 ## - CATALOGING SOURCE

  • Original cataloging agency: NUST
  • Transcribing agency: NUST

100 ## - HEADING--PERSONAL NAME

  • Personal name: Muhammad Zeeshan

670 ## - SOURCE DATA FOUND

  • Source citation: Work cat.: (NUST): Muhammad Zeeshan, OPTIMIZATION OF ENERGY CONSERVATION THROUGH LATEST TECHNIQUES-A CASE STUDY /, 2017.
© 2023 Central Library, National University of Sciences and Technology. All Rights Reserved.